000 00681nam a2200253 a 4500
001 nice12345678
003 IN_TiNIC
005 20260116011644.0
008 050524s0000 hyda grp 000 0 eng
020 _a
_c100
082 0 0 _a297.1977
_bSID
100 _aSiddiqui, M Muslehuddin
245 _aConcept of National Integration of Sir Syed Ahmed Khan
260 _aHyderabad
_bAndhra Pradesh Publich Lib.Association
_c0000
300 _a201-231p
500 _aincludes index and biblioraphy
505 2 _aIndex
650 _aSyed Ahmad Khan
650 _aIslam and Politics
700 1 _aSiddiqui, M Muslehuddin
902 _bSRS
942 _cBK
999 _c3174
_d3174